Normal view
MARC view
Entry Corporate Name
001 - CONTROL NUMBER
- control field: 11075
003 - CONTROL NUMBER IDENTIFIER
- control field: HDC
005 - DATE AND TIME OF LATEST TRANSACTION
- control field: 20230624073339.0
008 - FIXED-LENGTH DATA ELEMENTS
- fixed length control field: 210206|| aca||aabn | a|a d
040 ## - CATALOGING SOURCE
- Original cataloging agency: HDC
- Transcribing agency: HDC
110 ## - HEADING--CORPORATE NAME
- Corporate name or jurisdiction name as entry element: Bank Rakyat
670 ## - SOURCE DATA FOUND
- Source citation: Work cat.: (HDC)11146: Penduduk Balakong, Alor Setar nikmati kemudahan Ar-Rahnu, 2012
